| 000 | 00839nam a22001935i 4500 | ||
|---|---|---|---|
| 001 | 168975 | ||
| 003 | ES-MaACL | ||
| 005 | 20250809063534.0 | ||
| 008 | 080710s1994 sp |||| | spa d | ||
| 080 | _a946.033"1873/1874" | ||
| 100 | 1 |
_aVilar, Juan Bautista, _d1941-2018 _9114797 |
|
| 245 | 1 | 4 |
_aUnas jornadas de historia sobre el Cantón murciano entre la reflexión y el debate / _cJuan Bta. Vilar. |
| 260 |
_aMurcia : _bUniversidad de Murcia, Cátedra de Historia Contemporánea, _c[1994] |
||
| 300 |
_ap. [11]-16 ; _c24 cm. |
||
| 595 | _aSeparata de: Actas de las Jornadas sobre el Sexenio Revolucionario y el Cantón murciano, 26-28 de abril de 1993. | ||
| 651 | 4 |
_aMurcia (Comunidad Autónoma)- _xHistoria- _yS.XIX. _9138092 |
|
| 852 |
_aES-MaACL _j2232-F-16 _9R.143802 _z.- Ded. ms. del autor |
||
| 999 |
_c168975 _d168975 |
||